[Event "POL-chT 1st League"]
[Site "Leba"]
[Date "2023.09.27"]
[Round "5.9"]
[White "Stoma, Pawel"]
[Black "Orzech, Dominik"]
[Result "1/2-1/2"]
[WhiteElo "2312"]
[BlackElo "2263"]
[PlyCount "28"]
[EventDate "2023.09.23"]
[EventType "team-swiss"]
[EventRounds "9"]
[EventCountry "POL"]
[SourceTitle "CBM 216 Extra"]
[Source "ChessBase"]
[SourceDate "2023.11.30"]
[SourceVersion "1"]
[SourceVersionDate "2023.11.30"]
[SourceQuality "1"]
[WhiteTeam "Lublin LKSz"]
[BlackTeam "Bydgoszcz Wiatrak"]
[WhiteTeamCountry "POL"]
[BlackTeamCountry "POL"]

1. e4 e6 2. d4 d5 3. exd5 exd5 4. Nf3 Nf6 5. Bd3 Bd6 6. 0-0 0-0 7. Bg5 Bg4 8. Nbd2 Nbd7 9. c3 c6 10. Qc2 Qc7 11. h3 Bh5 12. Nh4 Rfe8 13. Rfe1 Bh2+ 14. Kh1 Bf4 1/2-1/2

[Event "Polanica Zdroj op 59th"]
[Site "Polanica Zdroj"]
[Date "2023.08.26"]
[Round "8"]
[White "Kazmierowski, Tymon"]
[Black "Stoma, Pawel"]
[Result "1/2-1/2"]
[WhiteElo "2063"]
[BlackElo "2314"]
[PlyCount "96"]
[EventDate "2023.08.19"]
[EventType "swiss"]
[EventRounds "9"]
[EventCountry "POL"]
[SourceTitle "CBM 215 Extra"]
[Source "ChessBase"]
[SourceDate "2023.09.30"]
[SourceVersion "1"]
[SourceVersionDate "2023.09.30"]
[SourceQuality "1"]

1. e4 e5 2. Nf3 d6 3. d4 Nd7 4. Nc3 Ngf6 5. h3 c6 6. Be3 b5 7. a3 Bb7 8. g4 h6 9. Bg2 a5 10. dxe5 dxe5 11. g5 hxg5 12. Nxg5 Qc7 13. 0-0 Bc5 14. Bxc5 Nxc5 15. Qd2 Nh5 16. b4 Na6 17. Ne2 Qe7 18. Rfd1 f6 19. Nf3 Kf7 20. c3 Rad8 21. Qa2+ Qe6 22. Qxe6+ Kxe6 23. Ne1 g5 24. Bf3 Ke7 25. Bxh5 Rxh5 26. Ng3 Rhh8 27. Nf5+ Ke6 28. Nc2 Rd7 29. Rxd7 Kxd7 30. Kg2 c5 31. Rd1+ Kc7 32. f3 Bc8 33. Nce3 axb4 34. axb4 Bxf5 35. exf5 cxb4 36. Nd5+ Kb7 37. Nxb4 Nxb4 38. cxb4 Rh4 39. Rd6 Rxb4 40. Rxf6 Rf4 41. Kg3 b4 42. Re6 Rxf5 43. Kg4 Rf4+ 44. Kxg5 Rxf3 45. Rxe5 Kc6 46. h4 Rg3+ 47. Kf6 Rh3 48. Kg5 b3 1/2-1/2

[Event "Polanica Zdroj op 59th"]
[Site "Polanica Zdroj"]
[Date "2023.08.20"]
[Round "2"]
[White "Stoma, Pawel"]
[Black "Bachor, Tomasz"]
[Result "1-0"]
[WhiteElo "2314"]
[BlackElo "2025"]
[PlyCount "87"]
[EventDate "2023.08.19"]
[EventType "swiss"]
[EventRounds "9"]
[EventCountry "POL"]
[SourceTitle "CBM 215 Extra"]
[Source "ChessBase"]
[SourceDate "2023.09.30"]
[SourceVersion "1"]
[SourceVersionDate "2023.09.30"]
[SourceQuality "1"]

1. e4 c5 2. Nc3 Nc6 3. Bb5 Nd4 4. Bc4 e6 5. Nf3 d6 6. Nxd4 cxd4 7. Ne2 Qb6 8. 0-0 g6 9. a4 Ne7 10. c3 dxc3 11. dxc3 Bd7 12. Be3 Qc7 13. Qd4 e5 14. Qd3 Bg7 15. f4 0-0 16. Rad1 Bxa4 17. b3 Bc6 18. f5 gxf5 19. exf5 d5 20. f6 dxc4 21. Qxc4 Ng6 22. fxg7 Rfd8 23. Rxd8+ Rxd8 24. Ng3 b5 25. Qg4 Kxg7 26. Nf5+ Kg8 27. h4 h5 28. Qxh5 Be4 29. Nh6+ Kg7 30. Rxf7+ Qxf7 31. Nxf7 Kxf7 32. Qh7+ Ke6 33. Bg5 Rd7 34. Qg8+ Kd6 35. Qb8+ Ke6 36. h5 Ne7 37. Qxb5 Bd3 38. c4 e4 39. h6 e3 40. Bxe3 Be4 41. Qh5 Nc6 42. Qg4+ Bf5 43. Qg8+ Kd6 44. Qd5+ 1-0

[Event "POL-chT 2nd League"]
[Site "Sypniewo"]
[Date "2021.09.11"]
[Round "8.5"]
[White "Stoma, Pawel"]
[Black "Kozlowski, Michal"]
[Result "1/2-1/2"]
[WhiteElo "2328"]
[BlackElo "2032"]
[PlyCount "55"]
[EventDate "2021.09.04"]
[EventType "team-swiss"]
[EventRounds "9"]
[EventCountry "POL"]
[SourceTitle "CBM 204 Extra"]
[Source "ChessBase"]
[SourceDate "2021.11.30"]
[SourceVersion "1"]
[SourceVersionDate "2021.11.30"]
[SourceQuality "1"]
[WhiteTeam "Lublin Drakon SKOK Chmielewskiego"]
[BlackTeam "Olsztyn Trzydziestka"]
[WhiteTeamCountry "POL"]
[BlackTeamCountry "POL"]

1. d4 Nf6 2. Nf3 d5 3. Bf4 c5 4. c3 Nc6 5. a3 c4 6. Nbd2 Bf5 7. h3 h6 8. e3 e6 9. Be2 Bd6 10. Bxd6 Qxd6 11. 0-0 0-0 12. Qc1 b5 13. Re1 a5 14. Bd1 b4 15. Bc2 Bxc2 16. Qxc2 bxc3 17. bxc3 Rab8 18. e4 Nd7 19. e5 Qe7 20. Nh2 Rb6 21. Re3 Rfb8 22. Nhf1 f5 23. exf6 Qxf6 24. Qa4 e5 25. Nxc4 dxc4 26. d5 Nd4 27. Qxd7 Rb2 28. Kh1 1/2-1/2

[Event "POL-chT 1st League"]
[Site "Pokrzywna"]
[Date "2018.09.05"]
[Round "5.3"]
[White "Musialkiewicz, Jan"]
[Black "Stoma, Pawel"]
[Result "1/2-1/2"]
[WhiteElo "2244"]
[BlackElo "2317"]
[PlyCount "108"]
[EventDate "2018.09.01"]
[EventType "team-tourn"]
[EventRounds "9"]
[EventCountry "POL"]
[SourceTitle "CBM 186 Extra"]
[Source "ChessBase"]
[SourceDate "2018.08.24"]
[SourceVersion "1"]
[SourceVersionDate "2018.08.24"]
[SourceQuality "1"]
[WhiteTeam "Chrobry Gniezno"]
[BlackTeam "Lublin Drakon"]
[WhiteTeamCountry "POL"]
[BlackTeamCountry "POL"]

1. d4 d5 2. c4 Nc6 3. Nc3 e5 4. cxd5 Nxd4 5. e3 Nf5 6. Nf3 Bd6 7. e4 Nfe7 8. Bb5+ Bd7 9. Qb3 Rb8 10. Bxd7+ Qxd7 11. Be3 Nc8 12. 0-0 Nf6 13. Nh4 0-0 14. h3 b5 15. a3 a5 16. a4 b4 17. f3 g6 18. Nb5 Be7 19. Rac1 Rb7 20. Bf2 Nh5 21. g4 Nf4 22. Kh2 h5 23. Ng2 Bg5 24. Be3 Kg7 25. Nxf4 exf4 26. Bd4+ f6 27. Qc2 hxg4 28. hxg4 Rf7 29. Qc6 Nd6 30. Nxd6 cxd6 31. Qxd7 Rfxd7 32. b3 Kf7 33. Rg1 Rb8 34. Rc6 Bh4 35. Kg2 Ke7 36. Rh1 g5 37. Rhc1 Rh8 38. Rh1 Rf8 39. Bb6 Ra8 40. Bf2 Rh8 41. Bxh4 gxh4 42. Rhc1 Ra8 43. Rc8 Rxc8 44. Rxc8 Kf7 45. Kh3 Kg6 46. Rc6 Kg5 47. Kg2 Rd8 48. Rc7 Kg6 49. Kh2 Kg5 50. Rc6 Rd7 51. Kg2 Rd8 52. Ra6 Rc8 53. Rc6 Rd8 54. Ra6 Rc8 1/2-1/2

[Event "POL-chT 1st League"]
[Site "Poronin"]
[Date "2017.09.07"]
[Round "6.5"]
[White "Maksimenko, Andrei"]
[Black "Stoma, Pawel"]
[Result "1/2-1/2"]
[WhiteElo "2484"]
[BlackElo "2348"]
[PlyCount "84"]
[EventDate "2017.09.02"]
[EventType "team-tourn"]
[EventRounds "9"]
[EventCountry "POL"]
[SourceTitle "CBM 180 Extra"]
[Source "ChessBase"]
[SourceDate "2017.10.06"]
[SourceVersion "1"]
[SourceVersionDate "2017.10.06"]
[SourceQuality "1"]
[WhiteTeam "Znin Baszta"]
[BlackTeam "Lublin Drakon"]
[WhiteTeamCountry "POL"]
[BlackTeamCountry "POL"]

1. d4 d5 2. c4 c6 3. Nc3 Nf6 4. e3 a6 5. Qc2 Bg4 6. h3 Bh5 7. Qb3 Ra7 8. Nge2 e6 9. Nf4 Bg6 10. Nxg6 hxg6 11. Be2 b5 12. cxd5 cxd5 13. Bd2 Bd6 14. Rc1 0-0 15. 0-0 Nbd7 16. Rc2 Qe7 17. Rfc1 g5 18. Be1 Re8 19. a4 b4 20. Na2 a5 21. Rc8 Nb6 22. Rxe8+ Qxe8 23. Bb5 Qd8 24. Qd1 Rc7 25. b3 Nc8 26. Ba6 Ne7 27. Bd3 g6 28. Rc2 Kg7 29. Nc1 Ne4 30. Ne2 f5 31. Qc1 Nf6 32. Rxc7 Bxc7 33. Qc5 Ne4 34. Qb5 Qd6 35. g3 Qc6 36. Qxc6 Nxc6 37. f3 Nd6 38. g4 e5 39. Kg2 exd4 40. exd4 Bb6 41. Bg3 f4 42. Bf2 Nd8 1/2-1/2

[Event "Suwalki Warakomska Memorial-A 1st"]
[Site "Suwalki"]
[Date "2017.08.13"]
[Round "4"]
[White "Mihok, Oliver"]
[Black "Stoma, Pawel"]
[Result "1-0"]
[WhiteElo "2534"]
[BlackElo "2348"]
[PlyCount "67"]
[EventDate "2017.08.11"]
[EventType "swiss"]
[EventRounds "9"]
[EventCountry "POL"]
[SourceTitle "CBM 180 Extra"]
[Source "ChessBase"]
[SourceDate "2017.10.06"]
[SourceVersion "1"]
[SourceVersionDate "2017.10.06"]
[SourceQuality "1"]

1. e4 c6 2. Nc3 d5 3. Nf3 Bg4 4. h3 Bxf3 5. Qxf3 e6 6. d3 Nf6 7. Bd2 Nbd7 8. g4 h6 9. 0-0-0 Bb4 10. a3 Ba5 11. h4 d4 12. Nb1 Bxd2+ 13. Nxd2 Qc7 14. Be2 Nf8 15. g5 N6d7 16. gxh6 Rxh6 17. h5 Rh7 18. Rdg1 b5 19. Rh3 Qd6 20. Qg2 0-0-0 21. f4 e5 22. Bg4 Ne6 23. fxe5 Qxe5 24. Nf3 Qd6 25. e5 Nxe5 26. Nxe5 Qxe5 27. Qxc6+ Kb8 28. Bf3 Qe3+ 29. Kb1 Qxg1+ 30. Ka2 Rd5 31. Bxd5 Nd8 32. Qa8+ Kc7 33. Qxa7+ Kd6 34. Be4 1-0

[Event "Suwalki Warakomska Memorial-A 1st"]
[Site "Suwalki"]
[Date "2017.08.11"]
[Round "1"]
[White "Stoma, Pawel"]
[Black "Chinguun, Sumiya"]
[Result "1-0"]
[WhiteElo "2348"]
[BlackElo "2120"]
[PlyCount "109"]
[EventDate "2017.08.11"]
[EventType "swiss"]
[EventRounds "9"]
[EventCountry "POL"]
[SourceTitle "CBM 180 Extra"]
[Source "ChessBase"]
[SourceDate "2017.10.06"]
[SourceVersion "1"]
[SourceVersionDate "2017.10.06"]
[SourceQuality "1"]

1. e4 c5 2. d4 cxd4 3. c3 dxc3 4. Nxc3 Nc6 5. Nf3 d6 6. Bc4 e6 7. 0-0 Nf6 8. Qe2 Be7 9. Rd1 e5 10. Bg5 Bg4 11. Qd3 Bxf3 12. Qxf3 Nd4 13. Qd3 0-0 14. a4 Nd7 15. Be3 Nc5 16. Qb1 Nce6 17. Bd5 Qd7 18. a5 Rac8 19. Rd2 Bf6 20. Qa2 Nf4 21. Bxf4 exf4 22. f3 Qc7 23. Rad1 Qc5 24. Kh1 Nb5 25. Ne2 Rc7 26. a6 bxa6 27. Qxa6 Rb8 28. Nxf4 Rb6 29. Qa5 Bg5 30. b4 Qe3 31. Ne2 Nc3 32. Nxc3 Rxc3 33. Qxa7 Rc8 34. Rc2 Rbb8 35. Qxf7+ Kh8 36. Rxc8+ Rxc8 37. Qf5 Qc1 38. Bb3 Bf6 39. Qd5 Qf4 40. Qxd6 Qxd6 41. Rxd6 Be7 42. Rd3 Bxb4 43. g3 g6 44. Kg2 Re8 45. Rd7 Bf8 46. Bd5 g5 47. Kh3 Bc5 48. Kg4 Be3 49. Kh5 Bc1 50. Kh6 g4+ 51. f4 Bxf4+ 52. gxf4 Re6+ 53. Bxe6 g3 54. h3 g2 55. Rd8# 1-0

[Event "Suwalki Warakomska Memorial-A 1st"]
[Site "Suwalki"]
[Date "2017.??.??"]
[Round "6"]
[White "Kyrychenko, Maryan"]
[Black "Stoma, Pawel"]
[Result "0-1"]
[WhiteElo "2219"]
[BlackElo "2348"]
[PlyCount "176"]
[EventDate "2017.08.11"]
[EventType "swiss"]
[EventRounds "9"]
[EventCountry "POL"]
[SourceTitle "CBM 180 Extra"]
[Source "ChessBase"]
[SourceDate "2017.10.06"]
[SourceVersion "1"]
[SourceVersionDate "2017.10.06"]
[SourceQuality "1"]

1. e4 d6 2. d4 e5 3. dxe5 dxe5 4. Qxd8+ Kxd8 5. Bc4 Be6 6. Bxe6 fxe6 7. Nc3 Nf6 8. Bg5 Bd6 9. 0-0-0 Ke7 10. Nge2 Nc6 11. h3 a6 12. Rhf1 h6 13. Be3 b5 14. a3 Rhb8 15. f4 a5 16. fxe5 Nxe5 17. Bf4 b4 18. Nb1 Ra6 19. Nd4 g5 20. Bh2 Nc4 21. Bxd6+ cxd6 22. Rde1 a4 23. Nd2 Ne5 24. N2f3 bxa3 25. bxa3 Rab6 26. Nxe5 dxe5 27. Nf3 Nxe4 28. Nd2 Nxd2 29. Kxd2 Rb5 30. Re4 Rd8+ 31. Ke3 Rc8 32. Rxa4 Rxc2 33. Ra7+ Kd6 34. Ra6+ Kc5 35. Ke4 Re2+ 36. Kf3 Rbb2 37. Rc1+ Kd5 38. Rd1+ Red2 39. Ra5+ Kd4 40. Ra4+ Kd5 41. Ra5+ Kd6 42. Rxd2+ Rxd2 43. Ra8 Rd4 44. Rd8+ Kc5 45. Re8 Kd5 46. Ke3 Re4+ 47. Kd3 Ra4 48. Rd8+ Kc6 49. Rc8+ Kd6 50. Rd8+ Ke7 51. Rh8 e4+ 52. Ke3 Kf6 53. Rb8 h5 54. Rb4 Rxa3+ 55. Kxe4 h4 56. Rb2 Ra4+ 57. Ke3 Kf5 58. Rf2+ Ke5 59. Rb2 Ra3+ 60. Kf2 Kf4 61. Rb4+ Kf5 62. Rb5+ e5 63. Rb4 Ra2+ 64. Kf3 Ra3+ 65. Kf2 e4 66. Rb8 Ra5 67. Ke3 Ra3+ 68. Kf2 Ra2+ 69. Ke3 Rxg2 70. Rf8+ Ke5 71. Re8+ Kf6 72. Rf8+ Kg7 73. Ra8 Rg3+ 74. Kxe4 Rxh3 75. Kf5 Rg3 76. Ra7+ Kh6 77. Ra8 Rf3+ 78. Kg4 Rf4+ 79. Kh3 Re4 80. Ra5 Kh5 81. Rb5 Re3+ 82. Kh2 h3 83. Rb8 Kh4 84. Rh8+ Kg4 85. Ra8 Re2+ 86. Kh1 Kh4 87. Ra4+ g4 88. Ra3 Re1+ 0-1

[Event "POL-chT 1st League"]
[Site "Poronin"]
[Date "2016.09.03"]
[Round "1.5"]
[White "Grabarczyk, Miroslaw"]
[Black "Stoma, Pawel"]
[Result "0-1"]
[WhiteElo "2438"]
[BlackElo "2333"]
[PlyCount "58"]
[EventDate "2016.09.03"]
[EventType "team-tourn"]
[EventRounds "9"]
[EventCountry "POL"]
[SourceTitle "CBM 174 Extra"]
[Source "ChessBase"]
[SourceDate "2016.10.10"]
[SourceVersion "1"]
[SourceVersionDate "2016.10.10"]
[SourceQuality "1"]
[WhiteTeam "Znin Baszta"]
[BlackTeam "Lublin Drakon"]
[WhiteTeamCountry "POL"]
[BlackTeamCountry "POL"]

1. d4 d5 2. c4 c6 3. Nf3 Nf6 4. e3 a6 5. c5 Nbd7 6. Nc3 e5 7. b4 Qc7 8. Bb2 Be7 9. dxe5 Nxe5 10. Nxe5 Qxe5 11. Na4 Qe4 12. Qd4 Bf5 13. Qxe4 Bxe4 14. f3 Bg6 15. Nb6 Rd8 16. g3 Bf5 17. g4 Bg6 18. h4 h6 19. Kd2 0-0 20. Bh3 Kh8 21. Rag1 Nh7 22. Bf1 Bf6 23. Bd4 h5 24. Bh3 hxg4 25. Rxg4 Bf5 26. Rgg1 Be6 27. Bf1 Bf5 28. h5 Bxd4 29. exd4 Rfe8 0-1

[Event "Warsaw Najdorf Memorial op-A 14th"]
[Site "Warsaw"]
[Date "2016.07.16"]
[Round "9"]
[White "Stoma, Pawel"]
[Black "Winiarski, Mikolaj"]
[Result "0-1"]
[WhiteElo "2365"]
[BlackElo "2209"]
[PlyCount "48"]
[EventDate "2016.07.08"]
[EventType "swiss"]
[EventRounds "9"]
[EventCountry "POL"]
[SourceTitle "CBM 173 Extra"]
[Source "ChessBase"]
[SourceDate "2016.08.29"]
[SourceVersion "1"]
[SourceVersionDate "2016.08.29"]
[SourceQuality "1"]

1. c4 e5 2. Nc3 Nc6 3. g3 g6 4. Bg2 Bg7 5. d3 d6 6. Nf3 f5 7. 0-0 h6 8. Rb1 Nf6 9. Ne1 0-0 10. b4 f4 11. e3 g5 12. b5 Ne7 13. exf4 exf4 14. Bb2 g4 15. f3 Nf5 16. Nc2 fxg3 17. fxg4 gxh2+ 18. Kxh2 Nd4 19. Ne3 Nxg4+ 20. Nxg4 Qh4+ 21. Kg1 Bxg4 22. Rxf8+ Rxf8 23. Qe1 Nf3+ 24. Bxf3 Bd4+ 0-1

[Event "Warsaw Najdorf Memorial op-A 14th"]
[Site "Warsaw"]
[Date "2016.07.13"]
[Round "6"]
[White "Stoma, Pawel"]
[Black "Paszewski, Mateusz"]
[Result "1/2-1/2"]
[WhiteElo "2365"]
[BlackElo "2270"]
[PlyCount "106"]
[EventDate "2016.07.08"]
[EventType "swiss"]
[EventRounds "9"]
[EventCountry "POL"]
[SourceTitle "CBM 173 Extra"]
[Source "ChessBase"]
[SourceDate "2016.08.29"]
[SourceVersion "1"]
[SourceVersionDate "2016.08.29"]
[SourceQuality "1"]

1. d4 d5 2. Nf3 Nf6 3. Bf4 c5 4. c3 Qb6 5. Qb3 Nc6 6. e3 c4 7. Qc2 Bf5 8. Qc1 e6 9. h3 Be7 10. Be2 h6 11. 0-0 0-0 12. Nbd2 Qd8 13. Bd1 b5 14. Bc2 Bd6 15. Re1 Bxc2 16. Qxc2 b4 17. Bxd6 Qxd6 18. e4 Qc7 19. exd5 exd5 20. b3 cxb3 21. axb3 bxc3 22. Qxc3 Qb6 23. Ra4 Rfc8 24. Qd3 Nb4 25. Qf5 g6 26. Qb1 Re8 27. Rxe8+ Rxe8 28. Qa1 Re7 29. Nf1 Rc7 30. Ne5 Nc2 31. Qb2 Ne4 32. Nc4 dxc4 33. Qxc2 cxb3 34. Qxe4 b2 35. Nd2 Rc1+ 36. Kh2 b1Q 37. Nxb1 Rxb1 38. Qe8+ Kg7 39. Qe5+ Kg8 40. Qe8+ Kg7 41. Qe5+ Kg8 42. f4 Rc1 43. Qe8+ Kg7 44. Qe5+ Kg8 45. Ra3 Rc8 46. d5 Rd8 47. Kg3 Qc5 48. Rd3 Qd6 49. Kf3 a5 50. Qxd6 Rxd6 51. Ke4 Kf8 52. Kd4 Ra6 53. Kc5 Ke7 1/2-1/2

[Event "POL-chT 1st League"]
[Site "Jastrzebia Gora"]
[Date "2015.09.13"]
[Round "9.2"]
[White "Panczyk, Krzysztof"]
[Black "Stoma, Pawel"]
[Result "0-1"]
[WhiteElo "2361"]
[BlackElo "2346"]
[PlyCount "124"]
[EventDate "2015.09.05"]
[EventType "team-tourn"]
[EventRounds "9"]
[EventCountry "POL"]
[SourceTitle "EXT 2016"]
[Source "ChessBase"]
[SourceDate "2015.10.08"]
[SourceVersion "1"]
[SourceVersionDate "2015.10.08"]
[SourceQuality "1"]
[WhiteTeam "Dabrowa Gornicza Zaglebie"]
[BlackTeam "Lublin Drakon"]
[WhiteTeamCountry "POL"]
[BlackTeamCountry "POL"]

1. d4 d5 2. c4 c6 3. Nc3 Nf6 4. e3 a6 5. Qc2 e6 6. Nf3 Nbd7 7. b3 Be7 8. Bd3 b6 9. 0-0 Bb7 10. Bb2 Qc7 11. Rac1 Rc8 12. cxd5 exd5 13. Qe2 a5 14. Bf5 Ra8 15. Rfd1 0-0 16. Ne5 Ba6 17. Qc2 Nb8 18. e4 g6 19. Bh3 Qd6 20. exd5 cxd5 21. a4 Ra7 22. Nb5 Bxb5 23. axb5 Ne8 24. Qd3 Nc7 25. Nc6 Nxc6 26. Rxc6 Qb4 27. Rxb6 Na8 28. Rc6 Rb7 29. Bc3 Qxb5 30. Qxb5 Rxb5 31. Ra1 Nb6 32. Rxa5 Rxb3 33. Ra1 Nc4 34. Be1 Rfb8 35. Rc8+ Rxc8 36. Bxc8 Bf6 37. Rd1 Nb2 38. Rb1 Bxd4 39. Bg4 Kg7 40. Kf1 h5 41. Bf3 Rb5 42. Bd2 Rc5 43. Ke2 Kf6 44. Ra1 Nc4 45. Ra6+ Kg7 46. Bg5 Be5 47. h4 Rb5 48. Kd3 Rb3+ 49. Kc2 Rb2+ 50. Kc1 Rxf2 51. Bxd5 Bf4+ 52. Bxf4 Rxf4 53. Bf3 Ne5 54. Ba8 Rxh4 55. Kd2 Kh6 56. Ke3 Kg5 57. Ra5 f6 58. Kf2 Rf4+ 59. Kg3 Rb4 60. Kf2 Kf4 61. Ra2 Nd3+ 62. Kf1 Rb1+ 0-1

[Event "POL-chT 1st League"]
[Site "Jastrzebia Gora"]
[Date "2015.09.06"]
[Round "2.8"]
[White "Stoma, Pawel"]
[Black "Shkapenko, Pavel"]
[Result "1-0"]
[WhiteElo "2346"]
[BlackElo "2426"]
[PlyCount "119"]
[EventDate "2015.09.05"]
[EventType "team-tourn"]
[EventRounds "9"]
[EventCountry "POL"]
[SourceTitle "EXT 2016"]
[Source "ChessBase"]
[SourceDate "2015.10.08"]
[SourceVersion "1"]
[SourceVersionDate "2015.10.08"]
[SourceQuality "1"]
[WhiteTeam "Lublin Drakon"]
[BlackTeam "Pultusk Nadnarwianka"]
[WhiteTeamCountry "POL"]
[BlackTeamCountry "POL"]

1. e4 Nf6 2. e5 Nd5 3. c4 Nb6 4. d4 d6 5. exd6 exd6 6. Nc3 Be7 7. Be3 0-0 8. Rc1 Re8 9. Nf3 Bg4 10. Be2 Nc6 11. b3 Bxf3 12. Bxf3 Bg5 13. Qd2 Bxe3 14. fxe3 Qh4+ 15. Kd1 a5 16. Nd5 Nxd5 17. cxd5 Ne7 18. Rxc7 Nf5 19. Re1 a4 20. b4 Rac8 21. Rxc8 Rxc8 22. g3 Qf6 23. Qd3 Qg6 24. Re2 Ne7 25. Qxg6 hxg6 26. Rc2 f5 27. Rxc8+ Nxc8 28. b5 g5 29. Kd2 Kf7 30. Kc3 Nb6 31. g4 g6 32. Kb4 Ke7 33. e4 Kf6 34. h3 f4 35. Be2 Ke7 36. Ka5 f3 37. Bxf3 Nc4+ 38. Kxa4 b6 39. Kb4 Na5 40. e5 Nb7 41. Be4 Kf7 42. a4 Na5 43. Bb1 Nb7 44. Kc3 Kg7 45. Kd2 Kf7 46. Ke3 Kg7 47. Kf3 Kf7 48. Kg3 Kg7 49. Kg2 Kf7 50. Kf3 Kg7 51. Kg3 Kh6 52. e6 Kg7 53. h4 gxh4+ 54. Kxh4 Kf6 55. g5+ Kg7 56. e7 Kf7 57. Bxg6+ Kxe7 58. Kh5 Kf8 59. Kh6 Kg8 60. Bh7+ 1-0

[Event "Rubinstein Memorial op 51st"]
[Site "Polanica Zdroj"]
[Date "2015.08.24"]
[Round "3"]
[White "Stoma, Pawel"]
[Black "Zareba, Radoslaw"]
[Result "1-0"]
[WhiteElo "2346"]
[BlackElo "2071"]
[PlyCount "107"]
[EventDate "2015.08.22"]
[EventType "swiss"]
[EventRounds "9"]
[EventCountry "POL"]
[SourceTitle "EXT 2016"]
[Source "ChessBase"]
[SourceDate "2015.10.08"]
[SourceVersion "1"]
[SourceVersionDate "2015.10.08"]
[SourceQuality "1"]

1. c4 b6 2. e4 Bb7 3. Nc3 e6 4. g3 Bb4 5. Bg2 f5 6. f3 fxe4 7. fxe4 Nf6 8. Qe2 Nc6 9. Nf3 Bc5 10. d3 0-0 11. e5 Ng4 12. Bf4 Nd4 13. Nxd4 Bxg2 14. Qxg2 Bxd4 15. Qe2 Rxf4 16. gxf4 Qh4+ 17. Kd2 Rf8 18. Rhf1 Be3+ 19. Kc2 Bxf4 20. Rg1 Nxe5 21. Raf1 h5 22. Qe4 Nc6 23. Ne2 Bg5 24. Qxh4 Bxh4 25. Rxf8+ Kxf8 26. Nf4 Bf6 27. Nxh5 Be5 28. Rf1+ Ke7 29. Nf4 Nb4+ 30. Kd2 Bxf4+ 31. Rxf4 Nxa2 32. Rg4 Kf7 33. Rd4 Ke7 34. Rh4 Nb4 35. Kc3 c5 36. d4 Nc6 37. dxc5 bxc5 38. Rh5 d6 39. Rh8 Ne5 40. Ra8 Nf3 41. Rxa7+ Kf6 42. Rd7 Ke5 43. Rxg7 Nxh2 44. Rg5+ Ke4 45. Rg1 Nf3 46. Rg4+ Kf5 47. Rg8 Nd4 48. b4 Ne2+ 49. Kd2 Nd4 50. b5 d5 51. b6 Nb3+ 52. Kc3 Na5 53. Ra8 Nb7 54. Ra7 1-0

[Event "Warsaw Najdorf Memorial op-A 13th"]
[Site "Warsaw"]
[Date "2015.07.11"]
[Round "2"]
[White "Stoma, Pawel"]
[Black "Bromberger, Stefan"]
[Result "0-1"]
[WhiteElo "2353"]
[BlackElo "2556"]
[PlyCount "102"]
[EventDate "2015.07.10"]
[EventType "swiss"]
[EventRounds "9"]
[EventCountry "POL"]
[SourceTitle "CBM 167 Extra"]
[Source "ChessBase"]
[SourceDate "2015.09.14"]
[SourceVersion "1"]
[SourceVersionDate "2015.09.14"]
[SourceQuality "1"]

1. d4 Nf6 2. Nf3 e6 3. c3 d5 4. Bf4 Nc6 5. e3 Ne4 6. Bd3 g5 7. Be5 f6 8. Bxe4 dxe4 9. Nfd2 h5 10. Bxf6 Qxf6 11. Nxe4 Qf5 12. Nbd2 b6 13. f4 gxf4 14. 0-0 Bh6 15. exf4 h4 16. Ng5 Ba6 17. Qh5+ Kd7 18. Rf2 Raf8 19. Re1 Bxg5 20. Qxg5 Qxg5 21. fxg5 Rxf2 22. Kxf2 Bd3 23. Ke3 Bf5 24. Nf3 Rh5 25. Kf4 Ne7 26. Ke5 Bg4 27. Rg1 Rh8 28. Kf4 Bxf3 29. gxf3 Ke8 30. Ke5 Kf7 31. f4 Rd8 32. Ke4 Ng6 33. Rf1 Ne7 34. a4 Rd5 35. c4 Rf5 36. Rf3 c6 37. b4 a6 38. Rh3 Ng6 39. Rf3 b5 40. axb5 axb5 41. cxb5 cxb5 42. Rf1 Ne7 43. Rg1 Kg6 44. Rg4 Kh5 45. h3 Rd5 46. Rg1 Nf5 47. Rc1 Rxd4+ 48. Ke5 Rxb4 49. Rc5 Ng3 50. Kxe6 Re4+ 51. Kd6 b4 0-1

[Event "Lublin Union rapid op 7th"]
[Site "Lublin"]
[Date "2015.06.26"]
[Round "5"]
[White "Stoma, Pawel"]
[Black "Fraczek, Weronika"]
[Result "1-0"]
[WhiteElo "2359"]
[BlackElo "1711"]
[PlyCount "55"]
[EventDate "2015.06.26"]
[EventType "swiss (rapid)"]
[EventRounds "7"]
[EventCountry "POL"]
[SourceTitle "CBM 167 Extra"]
[Source "ChessBase"]
[SourceDate "2015.09.14"]
[SourceVersion "1"]
[SourceVersionDate "2015.09.14"]
[SourceQuality "1"]

1. c4 e6 2. g3 d5 3. Bg2 Nf6 4. d4 c6 5. Qc2 Bd6 6. Nf3 0-0 7. 0-0 Nbd7 8. Nbd2 c5 9. cxd5 Nxd5 10. Ne4 Nb4 11. Qb3 Qc7 12. dxc5 Bxc5 13. Bf4 Qb6 14. Rac1 Nd5 15. Qxb6 Bxb6 16. Bd6 Rd8 17. Rfd1 Nb8 18. Ba3 Bd7 19. Nd6 Bc6 20. e4 Nf6 21. Ne5 Bc7 22. Ndxf7 Rxd1+ 23. Rxd1 Nbd7 24. Nxc6 bxc6 25. Nd6 Rb8 26. Bh3 Bxd6 27. Bxe6+ Kh8 28. Rxd6 1-0

[Event "Lublin Union rapid op 7th"]
[Site "Lublin"]
[Date "2015.06.26"]
[Round "2"]
[White "Stoma, Pawel"]
[Black "Polkowski, Piotr"]
[Result "1/2-1/2"]
[WhiteElo "2359"]
[BlackElo "2129"]
[PlyCount "46"]
[EventDate "2015.06.26"]
[EventType "swiss (rapid)"]
[EventRounds "7"]
[EventCountry "POL"]
[SourceTitle "CBM 167 Extra"]
[Source "ChessBase"]
[SourceDate "2015.09.14"]
[SourceVersion "1"]
[SourceVersionDate "2015.09.14"]
[SourceQuality "1"]

1. d4 d5 2. Bf4 Nf6 3. e3 Bf5 4. c4 c6 5. Qb3 Qb6 6. c5 Qxb3 7. axb3 Nbd7 8. b4 Nh5 9. b5 Nxf4 10. exf4 f6 11. Nf3 e5 12. fxe5 fxe5 13. b4 e4 14. Nfd2 Be7 15. Nb3 Bf6 16. Nc3 Kf7 17. bxc6 bxc6 18. b5 Rhb8 19. 0-0-0 cxb5 20. Bxb5 a6 21. Bc6 Rxb3 22. Bxd5+ Be6 23. Bc6 Bf5 1/2-1/2

[Event "POL-chT1"]
[Site "Poronin"]
[Date "2014.09.07"]
[Round "9.1"]
[White "Wlodarczyk, Oskar"]
[Black "Stoma, Pawel"]
[Result "0-1"]
[WhiteElo "2296"]
[BlackElo "2339"]
[PlyCount "76"]
[EventDate "2014.08.31"]
[EventType "team-tourn"]
[EventRounds "9"]
[EventCountry "POL"]
[SourceTitle "CBM 162 Extra"]
[Source "ChessBase"]
[SourceDate "2014.10.17"]
[SourceVersion "1"]
[SourceVersionDate "2014.10.17"]
[SourceQuality "1"]
[WhiteTeam "Ostrow Welkopolski"]
[BlackTeam "Lublin Drakon SKOK Chmielewskiego"]
[WhiteTeamCountry "POL"]
[BlackTeamCountry "POL"]

1. Nf3 d5 2. b3 Nf6 3. Bb2 Bf5 4. g3 e6 5. Bg2 Be7 6. 0-0 0-0 7. d3 h6 8. Nbd2 a5 9. a4 Bh7 10. e3 Nc6 11. Qe2 Nb4 12. Rac1 c6 13. e4 dxe4 14. dxe4 Qc7 15. Ne5 Rfd8 16. Ndc4 b5 17. axb5 cxb5 18. Na3 Na2 19. Nxb5 Nxc1 20. Rxc1 Qb7 21. Nxf7 Kxf7 22. e5 Ne4 23. Re1 Qb6 24. Nd6+ Bxd6 25. exd6 Qb4 26. c3 Qxb3 27. Bxe4 Bxe4 28. Qxe4 Qxb2 29. Qxe6+ Kf8 30. Re4 Qb1+ 31. Kg2 Qxe4+ 32. Qxe4 a4 33. c4 a3 34. c5 a2 35. c6 a1Q 36. Qe7+ Kg8 37. c7 Qf6 38. cxd8Q+ Rxd8 0-1